000 00777cab a22002055a 4500
001 L156106
008 120430e20120924xxk 000 0 eng d
035 _a(Sirsi) u156106
041 0 _aeng
100 1 _aNeedler, Paul
245 0 0 _aCountry focus
_bQatar
260 _c2012
490 _aBuilding
_v277 (8725) 27 April 2012, 86-88(3)
520 _aQatar: economic overview, the development pipeline, and the construction industry (capability of the existing supply chain; logistics, materials and labour availability; construction inflation; labour availability and welfare); first quarter 2012 costs (£/m2) and key data 2010, 2011 and 2012.
590 _aKA
651 4 _aQatar
690 _aConstruction management
_96230
710 _aEC Harris
_94930
942 _n0
999 _c83951
_d83951